| 000 | 00358nam a2200133 i 4500 | ||
|---|---|---|---|
| 001 | bg | ||
| 100 | 1 | _aKAWALA, Zdzisław | |
| 245 | 0 |
_aKinetyka parowania powierzchniowego w warunkach destylacji molekularnej / _cZdzisław Kawala. |
|
| 260 |
_aWrocław, _c1983. |
||
| 040 | _cBPK | ||
| 041 | _apol | ||
| 942 | _cKS | ||
| 008 | s pl f |000 0 pol | ||
| 999 |
_c21713 _d21713 |
||
| 856 |
_uhttp://koha.tu.koszalin.pl/cgi-bin/koha/opac-detail.pl?biblionumber=21713 _yKatalog online BPK |
||